Florida Multiple Choice - Statistics

General Stats
  • This quiz has been taken 10,187 times
    10,174 since last reset
  • The average score is 12 of 17
Answer Stats
Question Answer % Correct
What is the name of the NASA space launch facility that is located in Florida? Kennedy Space Center
92%
Does Florida have any National Parks? Yes
92%
What sport do the Miami Heat play? Basketball
90%
What is the official nickname of Florida? The Sunshine State
90%
Within the city of Miami, which of these ancestry groups has the largest population? Cubans
83%
Which of these Native American tribes is originally from Florida? Seminole
79%
Does Florida have more coastline than any other U.S. state? No
78%
How did the United States acquire Florida? Ceded from Spain in 1821
74%
Which of these is NOT an island in the state of Florida? Key Lime
71%
Miami is Florida's most populous urban area, but what is Florida's most populous city within the city limits? Jacksonville
70%
Which of these animals is NOT native to Florida? Poison dart frog
66%
What hurricane devastated South Florida in 1992? Andrew
65%
What is the closest foreign country to Florida? Bahamas
59%
Which one of these movies takes place in Florida? Scarface
59%
Who was the last Presidential candidate that carried Florida but DIDN'T win the election? Donald Trump in 2020
52%
What is Florida's rank among U.S. states in terms of population? 3rd
50%
Which of these would you NOT find at Walt Disney World? Safariland
48%
No matching quizzes found
Score Distribution
Percent of People with Each Score
Percentile by Number Answered
Your Score History
You have not taken this quiz since the last reset